000 00735nam a2200229Ia 4500
003 BUBTL
008 151213s9999 xx 000 0 und d
020 _a0-471-44857-5
082 _a657.48
_bWEA
100 _aJerry J. Wegandt , Donald E. Keiso & Paul D.Kimmel
245 _aAccounting Principles
_cJerry J. Wegandt , Donald E. Keiso & Paul D.Kimmel
250 _a7th
260 _aCanada
_bJohn Weiley & Sons
_c2005
300 _a[xxxi] , 1120p . :
_bill , Graph ; 24cm .
_cAccounting .
500 _aIncludes Index .
650 _aAccounting
650 _aAccounting
700 _aJerry J. Wegandt , Donald E. Keiso & Paul D.Kimmel
856 _k0
_l0
_yDownload
942 _2ddc
_cBK
999 _c2283
_d2283